| 000 | 00679 a2200181 4500 | ||
|---|---|---|---|
| 020 | _a9810240597 | ||
| 020 | _a9789810240592 | ||
| 082 | 0 | 4 | _a515.353 |
| 090 |
_c173 _d173 |
||
| 100 | _aChen, Hua | ||
| 245 | 1 | 0 |
_aPartial differential equations and their applications : _bproceedings of the conference, wuhan, china, 5-9 april 1999 / _cHua Chen, Luigi Rodino. |
| 260 |
_a[S.l.] : _bWorld Scientific Publishing Company, _c2000. |
||
| 300 |
_a320 p. ; _c23 cm. |
||
| 700 | 1 | _aChen, Hua. | |
| 700 | 1 | _aRodino, Luigi. | |
| 942 |
_aSNS _cBK _k515.353 HUA |
||
| 999 |
_c28811 _d28811 |
||